Kvalita služieb v cestovnom ruchu s aplikáciou na cestovnú kanceláriu Satur Travel, a.s. v Trenčíne diplomová práca

Salvato in:
Dettagli Bibliografici
Autore principale: Šťásková, Monika
Ente Autore: Obchodná fakulta EU. Katedra tovaroznalectva a kvality tovaru
Altri autori: Jurkovičová, Lujza
Natura: Libro
Lingua:slovacco
Pubblicazione: Bratislava 2009
Tags: Aggiungi Tag
Nessun Tag, puoi essere il primo ad aggiungerne!!

MARC

LEADER 00000nam$a2200000$$$4500
001 0097481
005 20240319125428.2
041 0 |a slo 
044 |a SK 
245 1 0 |a Kvalita služieb v cestovnom ruchu s aplikáciou na cestovnú kanceláriu Satur Travel, a.s. v Trenčíne  |b diplomová práca  |c Monika Šťásková ; škol. Lujza Jurkovičová 
264 1 |a Bratislava  |c 2009 
300 |a 76 s. 
100 1 |a Šťásková, Monika 
700 1 |a Jurkovičová, Lujza 
710 2 |a Obchodná fakulta EU. Katedra tovaroznalectva a kvality tovaru